Statistics for Geography - Countries by Numbers

Click here to take the quiz!

General Stats

  • This quiz has been taken 8,398 times
    (2,304 since last reset)
  • The average score is 36 of 45

Answer Stats

Hint Answer % Correct
Finland
98%
5 Nordic CountriesSweden
98%
Denmark
98%
Norway
98%
4 Countries whose name contains 'Guinea'Guinea
95%
Argentina
95%
Iceland
95%
South Korea
94%
Bosnia and Herzegovina
94%
Bosnia and Herzegovina
94%
Serbia
93%
Paraguay
93%
Croatia
93%
South Sudan
92%
3 Countries whose name start with 'South'South Africa
92%
Bolivia
92%
9 South-American Countries that border BrazilSuriname
91%
Uruguay
91%
Peru
91%
Venezuela
91%
Guyana
90%
7 Countries that emerged from YugoslaviaSlovenia
90%
Guinea-Bissau
90%
Colombia
89%
Kosovo
89%
Papua New Guinea
88%
Montenegro
88%
Macedonia
87%
Equatorial Guinea
86%
Trinidad and Tobago
81%
Saint Kitts and Nevis
79%
Russia
76%
Saint Vincent and the Grenadines
73%
Antigua and Barbuda
70%
Japan
69%
Mexico
67%
6 Countries who have 'and' as a word in their nameSaõ Tomé and Principe
64%
Nigeria
63%
Pakistan
62%
Bangladesh
55%
1 Country named after a Dutch ProvinceNew Zealand
46%
8 Countries with 100,000,000 to 200,000,000 InhabitantsEthiopia
43%
Philippines
42%
2 UN observer statesPalestine
40%
Vatican City
35%

Score Distribution

Percentile by Number Answered

Percent of People with Each Score

Your Score History

You have not taken this quiz since the last reset